Statistics for Name these Wii U games!

Click here to take the quiz!

General Stats

  • This quiz has been taken 111 times
  • The average score is 10 of 15

Answer Stats

HintAnswer% Correct
The new mario kartMario kart 8
95%
The nintendo crossover fighting gameSuper smash bros. 4
93%
The legend of zelda wind _____ HDWaker
81%
The new super mario brosNew super mario bros. U
79%
The next entry in the mario party seriesMario Party 10
77%
The mini game amusement park themedNintendo Land
76%
______ WarriorsHyrule
72%
Captain Toad's gameCaptain Toad treasure tracker
69%
_________ ChroniclesXenoblade
69%
Donkey Kong gets coldDonkey Kong country tropical freeze
67%
Party on the Wii UWii party U
59%
Luigis turn to be the heroNew super Luigi U
58%
3D marioSuper mario 3D world
52%
Kirby turns into clayKirby and the rainbow curse
35%
_________ 2Bayonetta
30%

Score Distribution

Percentile by Number Answered

Percent of People with Each Score

Your Score History

You have not taken this quiz